[Event "Fraenkische GM 1st"]
[Site "Pulvermuehle"]
[Date "2000.01.13"]
[Round "2"]
[White "Blatny, Pavel"]
[Black "Gabriel, Christian"]
[Result "1-0"]
[WhiteElo "2476"]
[BlackElo "2578"]
[Annotator "Finkel,A"]
[PlyCount "59"]
[EventDate "2000.01.12"]
[EventType "tourn"]
[EventRounds "9"]
[EventCountry "GER"]
[EventCategory "10"]
[SourceTitle "CBM 075"]
[Source "ChessBase"]
[SourceDate "2000.04.05"]
[SourceVersion "1"]
[SourceVersionDate "2000.04.05"]
[SourceQuality "1"]

1. e4 d6 2. d4 g6 3. Nc3 Bg7 4. Be3 c6 5. Qd2 Nd7 6. a4 Ngf6 7. f3 $6 {I don't
think that after 6.a4 this move looks like the most reasonable option for
white,because now it becomes quiet problematic to find safe shelter for the
white king.} (7. h3 $5 O-O 8. Nf3 Qc7 9. Be2 b6 10. O-O Bb7 11. Rfe1 Rad8 12.
Rad1 a6 13. Bh6 b5 $132 {Santo Roman,M-McNab,C/Moscow olm 1994}) 7... O-O (7...
Qa5 $5 8. g4 e5 9. dxe5 dxe5 10. g5 Nh5 11. Nge2 Nf8 12. Qd6 Ne6 13. b4 Qd8 14.
Qxd8+ Kxd8 $13 {Fluvia Poyatos,J-Rocha,S/VI Aceimar Open 1999}) 8. Nge2 (8. Nh3
e5 9. dxe5 Nxe5 10. Nf2 Be6 11. O-O-O d5 12. Bd4 Qc7 13. exd5 cxd5 $13 {
Schmidt Schaeffer,S-Mohr,S/SUI-chT 1996}) (8. Bc4 $6 d5 9. exd5 Nb6 10. Bb3
Nbxd5 11. Nxd5 Nxd5 12. Bh6 Bxh6 13. Qxh6 Qa5+ $132 {Perez-Shchekachev,A/Gran
Canaria op 1993}) 8... e5 9. h4 (9. g4 d5 $5 10. g5 Nh5 11. exd5 cxd5 12. Nxd5
exd4 13. Nxd4 Ne5 $132) 9... Nb6 $6 (9... d5 $5 10. exd5 cxd5 11. dxe5 Nxe5 12.
Nf4 Nc4 $13) 10. Ng3 exd4 (10... h5 11. a5 (11. dxe5 dxe5 12. Qxd8 Rxd8 13. a5
Nbd7 14. Bc4 Bf8 $11) 11... Nbd7 12. d5 Qc7 13. Bc4 $14) 11. Bxd4 d5 12. a5
Nbd7 (12... Nc4 13. Bxc4 dxc4 14. Nce2 $14 {[%cal Gd2c3,Ga1d1]}) 13. exd5 Re8+
14. Be2 cxd5 15. h5 $6 {White doesn't believe in himself!After} (15. Nxd5 $1
Ne5 (15... Nxd5 16. Bxg7 Qc7 17. Kf2 Kxg7 18. Qxd5 Qxc2 19. Qd4+ Kg8 20. Rac1
Qb3 21. Bc4 $1 $18) 16. Nxf6+ Qxf6 17. c3 Qc6 18. Kf2 $16 {he is just a pawn
up with solid position.}) 15... Ne5 $132 16. hxg6 hxg6 17. Qf4 $6 {Losing
precious time,because queen has nothing to do on f4.} Nc6 18. Bf2 d4 (18...
Nxa5 $5) 19. Nce4 Nd5 20. Qd2 f5 (20... Ne3 $5) 21. Ng5 Ne3 $15 {It's not so
hard to see that black is now in charge of situation,but the position remains
extremly complicated.} 22. f4 Qd5 $6 (22... Nxg2+ 23. Kf1 Ne3+ 24. Bxe3 Rxe3
25. Bc4+ Kf8 $17) 23. Bxe3 Rxe3 24. Nf1 Re7 (24... Qxg2 25. Rh2 Qg1 26. Nf3 $16
) 25. Kf2 d3 $5 26. Bxd3 Bxb2 27. Ra4 Qc5+ 28. Ne3 Bd4 $4 {Forgetting for a
moment that black king is exposed and needs protection!} (28... Bc3 29. Bc4+ (
29. Qc1 Nxa5 $17) 29... Qxc4 30. Nxc4 Bxd2 31. Nxd2 Bd7 32. Ra3 $13) 29. Rxd4
$1 Nxd4 30. Bc4+ 1-0

[Event "Asia-ch 5th"]
[Site "Hyderabad"]
[Date "2005.10.08"]
[Round "3"]
[White "Sasikiran, Krishnan"]
[Black "Mahjoob, Morteza"]
[Result "1-0"]
[WhiteElo "2663"]
[BlackElo "2418"]
[Annotator "Finkel,A"]
[PlyCount "107"]
[EventDate "2005.10.05"]
[EventType "swiss"]
[EventRounds "9"]
[EventCountry "IND"]
[SourceTitle "CBM 110"]
[Source "ChessBase"]
[SourceDate "2006.01.31"]
[SourceVersion "1"]
[SourceVersionDate "2006.01.31"]
[SourceQuality "1"]

1. Nf3 d6 2. d4 g6 3. e4 Bg7 4. c3 Nf6 5. Bd3 O-O 6. O-O Nc6 7. Na3 e5 8. dxe5
Nxe5 9. Nxe5 dxe5 10. Nc4 Nd7 11. b4 {White's plan in this line is to play on
the queenside, so this move makes more sense that 11.Be3, which was also tried
in the following position.} (11. Be3 b6 12. Qc2 Qe7 13. b4 Bb7 14. f3 Kh8 15.
Rfe1 Qe6 16. Rad1 f5 17. exf5 gxf5 18. Bf2 Rae8 $132 {Trois,F-Ribli,Z/Riga
1979/IZT}) 11... b6 (11... Re8 12. Bc2 Qe7 13. Be3 Nb6 14. Na5 Rb8 15. Bb3 Be6
16. Qe2 c6 17. g3 Qc7 18. Bxe6 Rxe6 19. Rfd1 $14 {Benko,P-Jansa,V/Siegen 1970})
(11... f5 $5 12. exf5 gxf5 13. f3 Kh8 14. Re1 Qf6 15. Be3 Rg8 16. Qc2 Nf8 17.
Bf2 Ng6 18. Kh1 $14 {Ivanov,A-Shchekachev,A/Vienna 1991}) 12. a4 a5 (12... a6
$6 13. Qe2 Bb7 14. Rd1 Re8 15. Ne3 Qc8 16. Ng4 $14 {Meduna,E-Ramik,Z/Czechia
1999}) ({An attempt to get counterplay with ...f5 seems to fail as after} 12...
Bb7 13. a5 f5 $6 14. a6 $1 Bc6 15. Ne3 $1 $16 {[%csl Rf5][%cal Gb4b5,Gd3c4]
White takes over the light squares in the center.}) 13. Qc2 Re8 14. bxa5 bxa5 {
[%csl Ra5]} 15. Rd1 Bf8 (15... Nc5 16. Bf1 Qh4 17. f3 Be6 18. Be3 Bf8 19. Rab1
$16 {[%cal Gb1b5]}) 16. Bf1 Bc5 17. Be3 Qe7 18. Qd2 Bxe3 $6 ({Much better was} 
18... Nf6 $5 19. f3 Bd7 {[%cal Gd7c6,Gf6d7] intending to bring the bishop to
c6.}) (18... Nb6 $6 19. Nxb6 cxb6 20. Bb5 Rf8 21. Bh6) 19. Nxe3 c6 {[%csl Rd6]}
(19... Nc5 20. Nd5 Qd6 21. Qe3) 20. Qd6 ({For some reason the Indian
grandmaster decides to deviate from the natural} 20. Nc4 Nf6 21. Qe3 {even
though the position after} Be6 22. Nxe5 Bb3 23. Nxc6 Qc7 24. Rdb1 Rxe4 25. Qf3
Ng4 $1 {is not perfectly clear.} 26. Qg3 Qxc6 27. Rxb3 Rxa4 28. Rxa4 Qxa4)
20... Nc5 21. Qxe7 Rxe7 22. Rd8+ Kg7 23. f3 Nb7 ({Missing a chance to equalize
after} 23... Rd7 $1 24. Re8 (24. Rxd7 Bxd7 25. Nc4 f6 26. Nb6 Rb8 $11) 24... f6
25. Nc4 Kf7 26. Rh8 Kg7 $11) 24. Rdd1 Be6 25. Bc4 Bxc4 (25... Bd7) 26. Nxc4 $14
{White controls both open files in the position so Black's defensive task is
far from being simple.} f6 $6 (26... Nc5 27. Rd6 Ra6 28. Rd8 f6 $132 {[%csl
Ra4]}) 27. Kf2 Nc5 28. Rd6 Rc7 29. g4 Nb7 30. Rdd1 h6 31. h4 Kf7 $6 32. g5 hxg5
33. hxg5 Ke6 34. gxf6 Kxf6 35. Rab1 Re8 36. Nd6 $1 $16 Nxd6 (36... Rd8 37. Nxb7
Rxd1 38. Rxd1 Rxb7 39. Rd6+ Kf7 40. Rxc6 Rb3 41. Rc5 $16) 37. Rxd6+ Re6 38. Rd8
{[%csl Ra5,Rc6]} Ra7 39. Ke3 Ke7 40. Rbb8 Rd6 41. Rxd6 Kxd6 42. Rg8 Kc5 43.
Rxg6 Re7 44. Rf6 Kc4 45. Rxc6+ Kb3 46. Rb6+ Kxa4 (46... Kxc3 47. Rb5 $18) 47.
c4 Ka3 48. c5 a4 49. Kd3 Rf7 50. Kc4 Rxf3 51. c6 Rf1 52. Kd5 Rc1 53. Kd6 Ka2
54. c7 1-0

[Event "Mario Covas 2nd"]
[Site "Santos"]
[Date "2002.02.21"]
[Round "2"]
[White "Leitao, Rafael Duailibe"]
[Black "Disconzi da Silva, Rodrigo"]
[Result "1-0"]
[WhiteElo "2571"]
[BlackElo "2415"]
[Annotator "Finkel,A"]
[PlyCount "71"]
[EventDate "2002.02.20"]
[EventType "tourn"]
[EventRounds "9"]
[EventCountry "BRA"]
[EventCategory "9"]
[SourceTitle "CBM 088"]
[Source "ChessBase"]
[SourceDate "2002.03.21"]
[SourceVersion "1"]
[SourceVersionDate "2002.03.21"]
[SourceQuality "1"]

1. e4 d6 2. d4 Nf6 3. Nc3 g6 4. Be3 c6 5. Qd2 b5 6. Bd3 $5 {After 5...b5 this
move is fully justified anf white's results in this variation are simply
fantastic!} Nbd7 7. Nf3 e5 8. dxe5 dxe5 (8... Nxe5 9. Nxe5 dxe5 10. h3 a6 (
10... Bb7 $2 11. Nxb5 cxb5 12. Bxb5+ Nd7 13. O-O-O Bc8 14. Qd5 $18) (10... Bg7
11. a4 $16) 11. Bh6 $5) 9. h3 Bb7 (9... Bg7 10. a4 b4 11. Ne2 a5 12. c3 c5 (
12... Rb8 13. cxb4 (13. Rc1 {><c6}) 13... Rxb4 14. Qc2 O-O 15. O-O Qc7 16. Rfc1
Qb8 17. Rab1 Qa8 18. Bd2 Rb8 19. Ng3 c5 20. Bc3 $16 {Gdanski-Van Wely,
Iraklion 1993}) (12... bxc3 13. Qxc3 {/\ Nd2-c4+/-}) (12... Qe7 13. cxb4 axb4
14. Qc2 Bb7 15. O-O O-O 16. Rfd1 Ra5 17. Nc1 $14 {Gallagher,J-Fioramonti,H/Zug
1991/EXT 97}) 13. cxb4 cxb4 14. O-O O-O 15. Rfd1 Bb7 16. Bb5 Qb8 17. Ng3 $16 {
Nunn-Gelfand, Munich 1991}) (9... a6 10. Bh6 Bxh6 11. Qxh6 Nh5 (11... Qe7 12.
O-O Bb7 13. Rfe1 Qf8 14. Qg5 h6 15. Qe3 Qe7 $11 {Rasik,V-Pribyl,J/Prague 1992/
TD}) 12. O-O Qf6 {/\ Qf4} 13. a4 b4 (13... Bb7 14. axb5 axb5 15. Rxa8+ Bxa8 16.
Ra1 $16 Ke7 $6 17. Bxb5 $1 cxb5 18. Rxa8 $18) 14. Ne2 Qg7 (14... Nf4 15. Nxf4
Qxf4 16. Qg7 $16) 15. Qd2 $14) 10. a4 a6 11. O-O (11. Bh6 Qe7 12. O-O Bxh6 13.
Qxh6 Qf8 14. Qe3 Qe7 15. Qh6 Qf8 16. Qe3 Qe7 17. Qh6 {1/2-1/2 Kindermann,
S-Ftacnik,L/Germany 1997/GER-chT (17)}) 11... Bg7 (11... Qe7 12. axb5 cxb5 13.
Nxb5 $1 axb5 14. Rxa8+ Bxa8 15. Ra1 Qd8 16. Bxb5 $44 {Adams,M-Bisby,D/Hastings
1995/CBM 48 ext}) 12. Ne2 {[%cal Gc2c4]} O-O 13. Ng3 Re8 (13... Qe7 $146 14. c4
b4 15. c5 $1 $14 {Marciano,D-Leski,M/Narbonne 1997/CBM 61}) (13... Qc7 14. Bh6
$2 Rfe8 15. Nf5 $6 Bh8 16. Qg5 c5 $15 {[%csl Re4][%cal Gc5c4] Kogan,A-Van Wely,
L/Heraklio op 1993/TD}) 14. c4 $1 {That's the main drawback of ...b5. White
gets an opportunity to attack black pawns by his own!} bxa4 $6 {After this
move black's position is strategically lost!} (14... bxc4 15. Bxc4 Qe7 16. Rfd1
c5 17. Qc2 $14) 15. c5 $1 {[%csl Rb7] Black simply has no space for his pieces!
} (15. Rxa4 c5 $13) 15... Bf8 16. Rfc1 Qc7 17. Rxa4 Rad8 18. Qe2 $16 {[%csl
Ra6][%cal Gf3d2,Gd2c4]} Nb8 (18... a5 19. Qd2 Ra8 20. Qc3 $16 {[%cal Gc1a1]})
19. Nd2 h6 20. Nc4 Nh7 21. Nf1 Ng5 22. Nfd2 Ne6 23. b4 Nf4 (23... Nd4 $8 24.
Bxd4 (24. Qf1 Nb5) 24... Rxd4 (24... exd4 25. e5 Bg7 26. f4 $16) 25. Nb3 Rdd8
26. Nb6 Be7 27. Na5 $16) 24. Bxf4 exf4 25. Nf3 {[%cal Ge4e5]} Qd7 26. Bc2 Qe6
27. Re1 $1 {[%cal Gc2b3]} Nd7 28. Bb3 Qf6 29. e5 {The difference in the
strength of pieces is so huge that black's position is absolutely hopeless
despite of material balance.} Qg7 30. Raa1 (30. Qe4 $5 g5 31. Na5 Ba8 32. Nxc6
Nb8 33. Ne7+ Bxe7 34. Qxa8 $18) 30... Kh8 31. Rad1 Nb8 32. Rxd8 Rxd8 33. Nd6
$18 Bxd6 34. exd6 Kh7 35. Qe7 Rd7 36. Qe8 {[%csl Rb8]} 1-0

[Event "Excelsior Cup"]
[Site "Gothenburg"]
[Date "2000.??.??"]
[Round "8"]
[White "Gavrikov, Viktor"]
[Black "Bekker Jensen, Simon"]
[Result "1-0"]
[WhiteElo "2563"]
[BlackElo "2403"]
[Annotator "Finkel,A"]
[PlyCount "78"]
[EventDate "2000.01.07"]
[EventType "tourn"]
[EventRounds "9"]
[EventCountry "SWE"]
[EventCategory "9"]
[SourceTitle "CBM 076"]
[Source "ChessBase"]
[SourceDate "2000.05.31"]
[SourceVersion "1"]
[SourceVersionDate "2000.05.31"]
[SourceQuality "1"]

1. g3 g6 2. Bg2 Bg7 3. d4 d6 4. e4 Nf6 5. Nc3 O-O 6. Nge2 e5 7. h3 Nbd7 8. O-O
Re8 9. Re1 {After mutual efforts in the opening both sides finally found
themself in one of the most popular lines of Pirz defense.} (9. Be3 c6 10. a4
exd4 11. Bxd4 Qc7 12. g4 Nc5 13. Ng3 Ne6 14. Be3 d5 15. exd5 Nxd5 16. Bxd5 cxd5
17. Nxd5 $14 {Popchev,M-Ziegler,A/Mondariz op 1994}) 9... b6 (9... c6 10. a4
exd4 (10... a5 11. Be3 Qe7 12. Qd2 h5 13. Rad1 Nh7 14. f4 Ndf6 15. Rf1 Be6 16.
b3 $14 {Bauer,C-Etchegaray,P/Cannes op 1996}) 11. Nxd4 Nc5 12. Kh2 d5 13. exd5
Rxe1 14. Qxe1 Nxd5 15. Nxd5 Bxd4 $13 {Zhidkov,V-Zozulia,A/Hlohovec op 1995}) (
9... a6 10. a4 Rb8 11. Be3 exd4 12. Bxd4 c5 13. Be3 Ne5 14. Qc1 b5 15. axb5
axb5 $13 {Tseshkovsky,V-Benjamin,J/Wijk 1989}) 10. Bg5 $5 (10. Be3 Bb7 11. d5
h6 12. Qd2 Kh7 13. g4 Ng8 14. Ng3 Bf6 15. a4 a5 16. Bf1 Bg5 17. Bb5 Bxe3 18.
fxe3 Rf8 $13 {Witt,R-Hartoch,R/NLD-chT9596}) 10... h6 11. Be3 Bb7 $6 {It was
necessasary to take on d4,because with his next move white deprives black this
possibility and closes the center.} (11... exd4 $5 12. Nxd4 (12. e5 $2 dxe3 13.
Bxa8 exf2+ 14. Kxf2 Nxe5 $15) 12... Bb7 13. e5 $8 (13. f3 Nc5 $5 (13... d5 $5
14. exd5 Nxd5 (14... Ne5 $5 15. Qc1 g5 16. f4 Nc4 $132) 15. Nxd5 Bxd5 16. Nf5
$1 gxf5 17. Qxd5 Bxb2 18. Rad1 Bc3 $132)) 13... dxe5 14. Bxb7 exd4 15. Bxd4
Rxe1+ 16. Qxe1 Rb8 17. Bc6 $14) 12. d5 $1 $14 Nf8 13. Qd2 Kh7 14. a4 a6 (14...
a5 15. Nb5 Nh5 16. g4 $5 Nf6 (16... Nf4 17. Nxf4 exf4 18. Bxf4 Bxb2 19. Rab1
Bg7 20. Bg3 $14) 17. Ng3 $14) 15. a5 b5 16. Red1 $1 {[%csl Rd6] This game is
very good example of importance of profilactiks in chess:white just prevents
black's attempts to create counterplay and black finally doesn't stand the
pressure.} N8d7 17. Na2 Bf8 18. Nb4 Nc5 (18... Nb8 19. c4 bxc4 20. Rac1 c5 21.
Nc2 Bc8 22. Na3 $14) 19. f3 Qc8 20. Qc3 Na4 21. Qb3 Kg8 (21... Nc5 22. Qa2 $1
c6 $2 23. dxc6 Bxc6 24. Qxf7+ $18) 22. c4 $16 Nc5 23. Qa2 c6 (23... Qd7 24. Nc3
Nh5 25. Kh2 f5 26. exf5 gxf5 27. cxb5 Nxg3 28. Bxc5 dxc5 29. d6+ Kh8 30. Nd3
$18) 24. dxc6 Bxc6 25. Nc3 bxc4 (25... Bd7 26. cxb5 axb5 27. Nbd5 $16 {[%cal
Gb2b4]}) 26. Qxc4 Bb7 27. Bf1 Ne6 28. Na4 $1 Nd7 (28... Qxc4 29. Bxc4 Nc5 30.
Nb6 Rad8 31. Bxc5 dxc5 32. Nxa6 $16) 29. h4 $5 Qc7 30. Nb6 Qxc4 (30... Nxb6 31.
axb6 Qxc4 32. Bxc4 Nc5 33. Bd5 $16) 31. Bxc4 Nxb6 32. axb6 a5 33. Bd5 $1 Reb8 (
33... axb4 34. Bxb7 Rab8 35. Ra7 Nc5 36. Bd5 Re7 37. Rxe7 Bxe7 38. Bxc5 dxc5
39. b7 $16) 34. Bxb7 Rxb7 35. Nd5 Nc5 36. b4 $1 $18 Nb3 37. Ra4 $1 Be7 38. Rb1
Nd4 39. Bxd4 exd4 1-0

[Event "Excelsior Cup"]
[Site "Gothenburg"]
[Date "2000.??.??"]
[Round "8"]
[White "Kallio, Heikki"]
[Black "Marin, Mihail"]
[Result "0-1"]
[WhiteElo "2452"]
[BlackElo "2555"]
[Annotator "Finkel,A"]
[PlyCount "74"]
[EventDate "2000.01.07"]
[EventType "tourn"]
[EventRounds "9"]
[EventCountry "SWE"]
[EventCategory "9"]
[SourceTitle "CBM 076"]
[Source "ChessBase"]
[SourceDate "2000.05.31"]
[SourceVersion "1"]
[SourceVersionDate "2000.05.31"]
[SourceQuality "1"]

1. e4 d6 2. d4 Nf6 3. Nc3 g6 4. g3 Bg7 5. Bg2 O-O 6. Nge2 e5 7. h3 c6 8. O-O b5
9. a3 Bb7 10. Bg5 $6 {The bishop has nothing to do on g5 and white finally
will exchange it for the knight f6.} (10. Be3 Nbd7 11. Qd2 (11. g4 a6 12. Ng3
c5 13. dxc5 Nxc5 14. Qd2 Qe7 15. Rfd1 $14 {Mohr,G-Markowski,T/Erevan olm 1996})
11... a6 12. Rad1 Qc7 13. Bh6 Nb6 14. Bxg7 Kxg7 15. f4 Nc4 16. Qc1 $14 {
Miles,A-Nijboer,F/Kusadasi op 1990}) (10. dxe5 dxe5 11. Qxd8 Rxd8 12. Be3 Nbd7
13. Nc1 Nb6 14. b3 Nfd7 15. Nd3 a5 $11 {Stein,B-Poldauf,D/BL9293}) 10... Nbd7 (
10... a6 11. Qd2 Nbd7 12. Rad1 Re8 13. Rfe1 Qe7 14. Bh6 Bxh6 15. Qxh6 Rad8 16.
f4 $14 {Gufeld,E-Peng Xiaomin/Tan Cup 1996}) 11. d5 (11. f4 Re8 12. dxe5 dxe5
13. f5 Qb6+ 14. Kh2 h6 15. Bd2 Rad8 16. Qe1 g5 17. g4 c5 18. Ng3 $13) (11. Qd2
$5 $14) 11... cxd5 12. Nxd5 $6 {White tries to exchange as many pieces as
possible,each time slightly worsening his position.} (12. exd5 a6 13. Re1 Nb6
14. Ne4 Rc8 15. N2c3 $14) 12... Bxd5 13. exd5 Nb6 $132 14. Nc3 (14. Qd3 Qd7 15.
Nc3 a6 16. f4 e4 $1 17. Nxe4 Nxe4 18. Qxe4 Bxb2 $15) 14... Qd7 15. Qe2 a6 16.
Rad1 (16. f4 Nh5 $1 {[%csl Rg3]}) 16... Rac8 17. Rd3 Rfe8 18. Bxf6 Bxf6 19. Ne4
Bd8 20. g4 Na4 $5 {Deciding to get rid of the knights.} (20... f5 21. gxf5 gxf5
22. Rg3+ Kh8 23. Ng5 Bxg5 24. Rxg5 e4 25. f3 e3 26. f4 Nc4 27. c3 $132) 21. c3
(21. b3 $6 Nc5 22. Nxc5 Rxc5 $15 {[%csl Rc2]}) 21... Nc5 22. Nxc5 Rxc5 23. Re3
{[%cal Gf2f4]} Rf8 $5 24. f4 $2 {Giving up a pawn.} (24. Ra1 f5 25. gxf5 gxf5
26. Rg3+ Kh8 27. Qh5 e4 $15 {[%cal Gd8f6,Gc5c8,Gf8g8]}) 24... exf4 25. Re4 Bg5
26. Qe1 {[%csl Rf4][%cal Gh3h4,Gg4g5]} (26. Qd3 f5 27. gxf5 Qxf5 28. Qf3 Rxd5
29. Rxf4 Bxf4 30. Qxd5+ Qxd5 31. Bxd5+ Kg7 $15) 26... Qd8 $1 27. a4 Rc4 (27...
Rxd5 28. Rexf4 Re5 29. Re4 Rfe8 30. Rxe5 Rxe5 31. Qd1 Kg7 $17) 28. axb5 (28.
Rxc4 bxc4 29. Qe2 Re8 30. Qxc4 Qb6+ 31. Kh1 Qxb2 $17) 28... axb5 29. Kh1 Qc8
30. h4 Rxe4 31. Qxe4 (31. Bxe4 $2 Re8 $1 {[%cal Ge8e1]} 32. hxg5 Qxg4 33. Rf2
f3 $19) 31... Bxh4 32. Qxf4 Qd8 33. Be4 (33. Ra1 Bg5 34. Qf3 Qe7 35. Bf1 Rb8
36. Bd3 b4 $17) 33... Bg5 34. Qf3 Qe7 35. Bd3 Rb8 36. b4 $2 {[%csl Rc3]} Bd2
$19 37. Kg2 Bxc3 0-1

[Event "Samba Cup 2nd"]
[Site "Skanderborg"]
[Date "2005.10.17"]
[Round "4"]
[White "Timofeev, Artyom"]
[Black "Hansen, Lars Bo"]
[Result "1-0"]
[WhiteElo "2658"]
[BlackElo "2565"]
[Annotator "Finkel,A"]
[PlyCount "79"]
[EventDate "2005.10.14"]
[EventType "tourn"]
[EventRounds "9"]
[EventCountry "DEN"]
[EventCategory "16"]
[SourceTitle "CBM 110"]
[Source "ChessBase"]
[SourceDate "2006.01.31"]
[SourceVersion "1"]
[SourceVersionDate "2006.01.31"]
[SourceQuality "1"]

1. e4 d6 2. d4 Nf6 3. Nc3 e5 4. dxe5 dxe5 5. Qxd8+ Kxd8 6. Bg5 Bd6 7. O-O-O
Nbd7 8. Nf3 Ke8 9. Nb5 {Very efficient approach. White gets the bishops pair
and a long-lasting pressure on the backward pawn on d6.} a6 (9... Ke7 10. Nxd6
(10. Nd2 h6 11. Bh4 Nb6 12. f3 Be6 13. Bf2 Nfd7 14. b3 Rhc8 15. Nxd6 cxd6 16.
Kb2 Nc5 17. Nb1 $14 {Dvoirys,S-Spasov,V/Biel 1993}) 10... cxd6 11. Nh4 g6 12.
f3 h6 13. Be3 Nc5 14. Bc4 Be6 15. Bxe6 Nxe6 16. Rd2 b6 17. Rhd1 $14 {Zinn,
L-Thal,O/Goerlitz 1972}) 10. Nxd6+ cxd6 11. Nd2 h6 (11... b5 $6 12. a4 $1 Bb7 (
12... bxa4 13. f3 $16 {[%csl Rd6][%cal Gd2c4]}) 13. f3 Bc6 14. Nb3 Ke7 15. Na5
Nb8 16. Be3 bxa4 17. Nc4 $16 {Nevostrujev,V-Zablotsky,S/Tomsk 2003}) 12. Be3 b5
$5 {This move is a bit risky from the strategical point of view, but something
had to be done about 13.Nc4. Another option was} (12... d5 $5 13. f3 (13. exd5
$6 Nxd5 14. Nc4 Nxe3 15. fxe3 Ke7 16. g3 (16. Nd6 Nf6 17. Bc4 b5 18. Bb3 Be6
$11) 16... b5 17. Nd6 Nf6 18. Bg2 Rb8 $11) 13... d4 14. Bg1 b5 15. f4 $14) 13.
f3 Nc5 14. Nb1 $1 Ke7 15. Nc3 Be6 16. g4 Nfd7 $6 {This move is far too passive.
Much better was} (16... b4 17. Nd5+ Nxd5 18. exd5 Bd7 19. Be2 g5 20. h4 f6 21.
Rh2 $14 {and at least Black doesn't have to worry about d6.}) 17. h4 f6 18. Rh2
$1 $16 {[%csl Rd6][%cal Gh2d2] Black has quite a few weaknesses to cover.} Rac8
19. b4 Nb7 (19... Nb3+ 20. Kb2 Nd4 21. Bxd4 exd4 22. Ne2 (22. Rxd4 Ne5 23. Be2
Nc6 24. Rd2 Nxb4) 22... Rc4 23. a3 Ne5 24. Rf2 $16) 20. Nd5+ Bxd5 21. exd5 {
[%csl Rb7,Rd7]} a5 $6 {[%csl Rb5]} 22. a3 e4 (22... Rc3 23. Rd3 Rhc8 24. Kb2
$16) 23. fxe4 Ne5 24. Bd4 $1 {White is just a pawn up in the endgame. The rest
is agony.} Nc4 25. Rh3 axb4 26. axb4 Ra8 27. Bxc4 bxc4 28. Kd2 Ra4 29. Rb1 Kd7
30. Bc3 Re8 31. Re3 {[%cal Gb1g1,Gg4g5]} Nd8 32. g5 hxg5 33. hxg5 fxg5 34. Rf1
$1 {[%csl Rd8]} Re7 35. Rf8 Nf7 36. b5 Kc7 37. Bxg7 Kb6 (37... Ne5 38. Bf6 Rh7
39. Rh8 Rxh8 40. Bxh8 Kb6 41. Bxe5 dxe5 42. Rg3 Kxb5 43. Rxg5 Kc5 44. Rxe5 Kd4
45. Re8 $18) 38. Bd4+ Kxb5 39. Rb8+ Ka5 40. Re1 $1 1-0